MDQL
is popping MORE tags! Check the
thread
!
Quizzes
Events
Quiz Creation
Community
Videos
Private Events
Remove Ads
Sign In
Join for FREE
Feedback
Dark Mode
Quiz Categories
Sports
Geography
Music
Movies
Television
Just For Fun
Miscellaneous
History
Literature
Language
Science
Gaming
Entertainment
Religion
Holiday
For Kids
Quiz Lab
Recent
Popular Today
Quiz Kudos Today
Editor Picks
Curator Picks
Quizzes by...
Day
Popularity
Type
Ratings
Length
Year
Community
Subscriptions
Recent Discussions
Orange Saloon
Badges
Playlists
Quests
Create
Leaderboards
Showdown
Live 5
Trivia Bingo
Activity
Puzzle Library
Sporcle Events
Private Events
Virtual Trivia
Globe League
Become a Host
Pub Owners
SporcleCon
Opinionation
Our Games
Videos
Blog
Mobile Apps
Partnerships
Remove Ads and Go Orange
Feedback
Miscellaneous
Crossword
General Knowledge
Baby Names
Logo
Food
Cars
Numbers
Grab Bag
University
College
Popular
Company
Slogans
Restaurants
Justice
Letter
Miscellaneous
Crossword
General Knowledge
Baby Names
Logo
Food
Cars
Numbers
Grab Bag
University
College
Popular
Company
Slogans
Restaurants
Justice
Letter
Random Quiz
Search Sporcle
×
Quiz Lab
Quiz Lab
Miscellaneous
University
Type in answers that appear in a list
Type in answers that appear in a list
Classic
Best Score? Go Orange.
University of Maryland Residence Halls Stats
Can you name the University of Maryland Residence Halls?
By
areynol2
7m
36 Questions
387 Plays
387 Plays
387 Plays
Comments
Comments
Give Quiz Kudos
Give Quiz Kudos
-
- Ratings
hide this ad
More Info
Replay
Link that replays current quiz
Next Quiz
Link to next quiz in quiz playlist
You Got
0%
They Got
Avg Score
57%
Avg Friend Score
Upgrade to see
Score Distribution
Jump to the score distribution portion of the page
Score
0/36
Timer
07:00
0
Plays Today
% Correct
Denton
87.3%
Elkton
84.2%
LaPlata
83.2%
Easton
82.2%
Ellicott
80.4%
Cambridge
79.1%
Cumberland
79.1%
Hagerstown
76%
Anne Arundel
69.8%
Montgomery
69.8%
Centreville
67.2%
Baltimore
65.9%
Washington
63%
Queen Anne's
61.8%
Wicomico
60.5%
Bel Air
60.2%
Dorchester
54%
Prince George's
50.9%
% Correct
Frederick
50.6%
Carroll
49.9%
Cecil
49.6%
Harford
48.6%
Calvert
47.8%
Chestertown
47.5%
Worcester
47%
Caroline
46.8%
St. Mary's
44.2%
Somerset
44.2%
Howard
43.2%
Kent
42.1%
Garrett
40.3%
Charles
40.1%
Allegany
37.5%
Talbot
36.4%
New Leonardtown
32%
Old Leonardtown
32%
Quiz Playlist
Details
Report
Send in Message
Add To Playlist
More Info:
Mostly for Maryland students and alums.
Classic:
Type in answers that appear in a list
Last Updated: Feb 16, 2017
Quiz Scoreboard
CHALLENGE
Sign Up to Join the Scoreboard
Show All
Scores
Hide
Comments
May contain spoilers
Recently Published
5x2 Blitz: Bands
by SL_Kpop136
Music
30s
Colored Red Africa Blitz
by spor1
Geography
30s
Find the 'City' Movie
by crazypaving
Movies
60s
More to Explore
Quiz From the Vault
Featured Blog Post
14 Easter Pick-up Lines to Find Eggs With
hide this ad
You Might Also Like...
Tags
University Quiz
hall
Maryland
residence
Today's Top Quizzes in Miscellaneous
Browse Miscellaneous
hide this ad
Today's Top Quizzes in University
Browse University
Top Contributed Quizzes in Miscellaneous
1
5-to-1: Fast Food
2
The JOE quick-fire general knowledge quiz: Day 174
3
9x9 Crossword: Disney Movie Titles
4
9x9 Crossword: Charlie and the Chocolate Factory
5
9x9 Crossword: Pixar Movie Titles
6
9x9 Crossword: Flags
7
9x9 Crossword: 2022 Movies
8
9x9 Crossword: Nickelodeon
9
9x9 Crossword: Actors
10
9x9 Crossword: Halloween
Explore More
Trending Topics
Disney
Harry Potter
Anime
Marvel
NBA
Kpop
Crossword
The Office
NFL
Song
Soccer
Pokémon
WWE
Country
Puzzle
hide this ad
More By:
areynol2
Quiz
Plays
Rating
Category
Featured
Created
Counties of Delaware
621
4.00
Geography
Jul 10, 2010
University of Maryland Residence Halls
387
2.75
Miscellaneous
Jul 13, 2010
Go to Creator's Profile
Score Distribution
Quiz Creator Spotlight
areynol2
Follow
Send a Message
Quizzes Created
-
Created Quiz Play Count
-
More By This Creator
Popular Quizzes Today
1
Colored Red Africa Blitz
2
Find the 'City' Movie
3
Find the US States - No Outlines Minefield
4
5x2 Blitz: Bands
5
The Countries of the World
6
Find the US States
7
US States
8
9x9 Crossword: Cartoon Network
More Miscellaneous Quizzes
Sunday Crossword: Love & Romance
Published
Trending Quizzes
Colored Red Europe Blitz I
Colored Red Europe Blitz II
Colored Red Africa Blitz II
Colored Red Europe Blitz III
Colored Red Africa Blitz III
Recently Updated
How Do You Spell That?
pecheneg
Godzilla Movies
pecheneg
Grab Bag: 4-10 Letters
pecheneg
2024 March Madness Bracket
pecheneg
Famous TV Couples
Peacemaker
Champions League XIs: Real Madrid
pecheneg
Largest US Cities 1790-2010
pecheneg
Rides in Walt Disney World
pecheneg
Most Oscar Losses (Acting)
pecheneg
Beyoncé Albums
pecheneg
Trending Topics
Anime
Disney
Crossword
Harry Potter
Marvel
Kpop
NBA
The Office
NFL
WWE
Soccer
Puzzle
Country
Song
Pokémon
Your Account Isn't Verified!
In order to create a playlist on Sporcle, you need to verify the email address you used during registration. Go to your
Sporcle Settings
to finish the process.
Report this User
Report this user for behavior that violates our
Community Guidelines
.
Details:
Send Report
Go to the Sporcle.com Mobile Site →
Comments